Governance and development :towards quality leadership in Kenya / (Record no. 1966)

000 -LEADER
fixed length control field 00997cam a2200301 a 4500
001 - CONTROL NUMBER
control field 14941786
003 - CONTROL NUMBER IDENTIFIER
control field OSt
005 - DATE AND TIME OF LATEST TRANSACTION
control field 20150901093716.0
008 - FIXED-LENGTH DATA ELEMENTS--GENERAL INFORMATION
fixed length control field 070726s2007 ke a b 001 0 eng
010 ## - LIBRARY OF CONGRESS CONTROL NUMBER
LC control number 2007380933
020 ## - INTERNATIONAL STANDARD BOOK NUMBER
International Standard Book Number 9966974350
040 ## - CATALOGING SOURCE
Original cataloging agency DLC
Transcribing agency DLC
Modifying agency DLC
042 ## - AUTHENTICATION CODE
Authentication code lcode
043 ## - GEOGRAPHIC AREA CODE
Geographic area code f-ke---
050 00 - LIBRARY OF CONGRESS CALL NUMBER
Classification number JQ2947.A58 2007
245 00 - TITLE STATEMENT
Title Governance and development :towards quality leadership in Kenya /
Statement of responsibility, etc edited by Kimani Njogu.
260 ## - PUBLICATION, DISTRIBUTION, ETC. (IMPRINT)
Place of publication, distribution, etc Nairobi, Kenya :
Name of publisher, distributor, etc Twaweza Communications,
Date of publication, distribution, etc 2007.
300 ## - PHYSICAL DESCRIPTION
Extent xvi, 242 p. :
Other physical details ill. ;
Dimensions 22 cm.
504 ## - BIBLIOGRAPHY, ETC. NOTE
Bibliography, etc Includes bibliographical references and index.
650 #0 - SUBJECT ADDED ENTRY--TOPICAL TERM
Topical term or geographic name as entry element Political leadership
Geographic subdivision Kenya.
651 #0 - SUBJECT ADDED ENTRY--GEOGRAPHIC NAME
Geographic name Kenya
General subdivision Economic policy.
651 #0 - SUBJECT ADDED ENTRY--GEOGRAPHIC NAME
Geographic name Kenya
General subdivision Social policy.
700 1# - ADDED ENTRY--PERSONAL NAME
Personal name Njogu, Kimani.
856 41 - ELECTRONIC LOCATION AND ACCESS
Materials specified Table of contents
Uniform Resource Identifier <a href="http://www.loc.gov/catdir/toc/fy0801/2007380933.html">http://www.loc.gov/catdir/toc/fy0801/2007380933.html</a>
906 ## - LOCAL DATA ELEMENT F, LDF (RLIN)
a 7
b cbc
c origode
d 3
e ncip
f 20
g y-gencatlg
942 ## - ADDED ENTRY ELEMENTS (KOHA)
Source of classification or shelving scheme
Koha item type Book
Holdings
Withdrawn status Lost status Source of classification or shelving scheme Damaged status Not for loan Home library Current library Shelving location Date acquired Total Checkouts Total Renewals Full call number Barcode Date last seen Date checked out Copy number Price effective from Koha item type
          Riara University Library Riara University Library General stack 01/09/2015 3 2 JQ2947.A58 2007 6561/15 30/11/2018 30/11/2018 C.1 01/09/2015 Book
          Riara University Library Riara University Library General stack 01/09/2015 7 1 JQ2947.A58 2007 6562/15 02/03/2018 02/03/2018 C.2 01/09/2015 Book
          Riara University Library Riara University Library General stack 01/09/2015 6 1 JQ2947.A58 2007 6563/15 30/07/2021 25/06/2021 C.3 01/09/2015 Book

Riara University Library,
P.O. Box 49940-00100,
Nairobi, Kenya.